Кварциты Антоновской группы месторождений - кварцевое сырье для новых технологий; Кварц. Кремнезем

Detaylı Bibliyografya
Parent link:Кварц. Кремнезем.— 2004.— С. 212-213
Yazar: Ананьева Л. Г. Людмила Геннадьевна
Diğer Yazarlar: Коровкин М. В. Михаил Владимирович
Dil:Rusça
Baskı/Yayın Bilgisi: 2004
Konular:
Materyal Türü: MixedMaterials Kitap Bölümü
KOHA link:https://koha.lib.tpu.ru/cgi-bin/koha/opac-detail.pl?biblionumber=216115

MARC

LEADER 00000naa2a2200000 4500
001 216115
005 20240214105039.0
035 |a (RuTPU)RU\TPU\book\236076 
090 |a 216115 
100 |a 20120521d2004 k y0rusy50 ca 
101 0 |a rus 
102 |a RU 
200 1 |a Кварциты Антоновской группы месторождений - кварцевое сырье для новых технологий  |f Л. Г. Ананьева, М. В. Коровкин 
320 |a Библиогр.: с. 213 (5 назв.) 
463 0 |0 (RuTPU)RU\TPU\book\73107  |y 5-98491-007-1  |t Кварц. Кремнезем  |o материалы международного семинара, Сыктывкар, Республика Коми, Россия 21-24 июня 2004 г.  |f Уральское отделение РАН; Коми научный центр; Институт геологии  |v С. 212-213  |d 2004  |p 350 с. 
610 1 |a труды учёных ТПУ 
700 1 |a Ананьева  |b Л. Г.  |c российский геолог  |c доцент Томского политехнического университета, кандидат геолого-минералогических наук  |f 1967-  |g Людмила Геннадьевна  |3 (RuTPU)RU\TPU\pers\26292  |9 12065 
701 1 |a Коровкин  |b М. В.  |c геофизик  |c профессор Томского политехнического университета, доктор физико-математических наук  |c главный эксперт центра качества Томского технологического института  |f 1952-  |g Михаил Владимирович  |3 (RuTPU)RU\TPU\pers\26067  |4 070  |9 11905 
801 1 |a RU  |b 63413507  |c 20120521 
801 2 |a RU  |b 63413507  |c 20180629  |g RCR 
942 |c BK